000
00194 a2200097 4500
001
7821
100
_a
Smith, A
245
_a
Through out two hands
260
_a
_b
Allen
_c
090
_c
6270
_d
6270
942
_a
NUST-CAE
_c
M
_c
32790
999
_c
242894
_d
242894